[Event "RUS-ch Boys U21 2021"]
[Site "Loo"]
[Date "2021.04.28"]
[Round "8.2"]
[White "Shubin, Kirill"]
[Black "Murzin, Volodar"]
[Result "1-0"]
[WhiteElo "2466"]
[BlackElo "2478"]
[Annotator "TA"]
[PlyCount "83"]
[EventDate "2021.04.21"]
[EventType "swiss"]
[EventCountry "RUS"]
[SourceTitle "playchess.com"]
[Source "ChessBase"]
[SourceQuality "1"]

{[%evp 9,83,17,27,16,9,16,22,18,30,23,12,-12,-16,-14,0,-6,-8,-20,5,0,75,40,77,68,93,78,115,104,108,99,97,64,62,46,47,54,64,60,89,48,68,42,37,0,66,55,70,50,96,93,88,111,128,43,59,24,62,47,98,52,207,209,452,444,665,663,990,989,1008,1007,29990,29987,29987,29988,29996,29997]} 1. e4 c6 2. d4 d5 3. exd5 cxd5 4. Bd3 Nc6 5. c3 Qc7 6. Na3 {B13: Caro-Kann: Exchange Variation and Panov-Botvinnik Attack.} a6 7. Nc2 Nf6 8. h3 {The position is equal.} g6 9. Nf3 (9. Ne2 {looks sharper.} Bg7 10. O-O Qb6 11. Rb1 O-O 12. Bf4) 9... Bf5 10. Bxf5 gxf5 11. g3 e6 12. Bf4 {[#]} Qb6 $146 ({Predecessor:} 12... Bd6 13. Bxd6 Qxd6 14. Qe2 Ne4 15. O-O-O O-O-O 16. Nce1 Na5 17. Nd3 Kb8 18. Kb1 h5 {½-½ (33) Lavrentyev,Y (2311)-Boeken,M (2425) ICCF email 2012}) 13. Ne5 Rg8 14. Nd3 Rc8 (14... Ne7 $11) 15. Qe2 Ne7 16. Ne3 $1 Qa5 17. Kf1 $1 h6 18. g4 fxg4 19. Nxg4 Bg7 20. Nxf6+ Bxf6 21. Bxh6 Nf5 22. Bf4 Rh8 23. a4 Rh4 24. Qd2 Qd8 25. Rg1 {And now Rg8+ would win.} Kf8 26. Rh1 a5 (26... Ke8 $11) 27. Re1 b6 28. Ne5 Rh5 29. Qe2 $1 {[%cal Re2h5]} Bxe5 30. Bxe5 Rh7 {[#]} 31. Qd3 (31. Rg1 $1 $16) 31... Rc4 32. b3 Rc8 33. Rg1 Rh5 ({Black should play} 33... f6 $14 34. Bf4 Rc6) 34. Rg4 Ke7 $2 {[#] This move loses the game for Black.} (34... f6 $14) 35. Qf3 $1 $18 {Threatens to win with Rf4.} Kd7 $2 (35... Kf8 36. Kg1 (36. Rg8+ Kxg8 37. Qxh5 Qh4 $16) 36... Rg5) 36. c4 Kc6 (36... Ne7 $142 37. cxd5 Rf5 38. dxe6+ fxe6) 37. Rf4 Rg5 38. h4 Rg8 39. cxd5+ Kd7 40. dxe6+ {White mates.} fxe6 41. Rxf5 {[%mdl 64] Deflection} exf5 42. Qd5+ {Weighted Error Value: White=0.11/Black=0.52} 1-0

[Event "RUS-ch Boys U21 2021"]
[Site "Loo"]
[Date "2021.04.28"]
[Round "8.3"]
[White "Pavlov, Danila"]
[Black "Tsvetkov, Andrey"]
[Result "1-0"]
[WhiteElo "2360"]
[BlackElo "2404"]
[Annotator "TA"]
[PlyCount "75"]
[EventDate "2021.04.21"]
[EventType "swiss"]
[EventCountry "RUS"]
[SourceTitle "playchess.com"]
[Source "ChessBase"]
[SourceQuality "1"]

{[%evp 13,75,12,31,0,6,4,28,13,37,15,28,23,30,24,18,0,50,52,41,18,81,54,49,56,56,43,88,86,116,113,111,54,86,100,88,55,75,56,75,59,103,110,101,104,167,173,133,95,590,337,467,470,583,427,412,410,427,382,422,381,535,535,535,535]} 1. e4 c5 2. Nf3 d6 3. d4 cxd4 4. Nxd4 Nf6 5. Nc3 a6 6. Be3 e5 7. Nb3 Be6 8. h3 {B90: Sicilian Najdorf: Unusual White 6th moves, 6 Be3 Ng4 and 6 Be3 e5.} Be7 9. f4 exf4 10. Bxf4 {White has an edge.} Nc6 11. Qe2 Nd7 12. O-O-O Nce5 13. Nd4 O-O 14. Nf5 Bxf5 (14... Rc8 {feels hotter.} 15. Nd5 Bxd5 16. Rxd5 Re8 17. Kb1 Qb6) 15. exf5 Re8 {[#]} 16. Nd5 $146 ({Predecessor:} 16. Qd2 Nb6 17. Ne4 d5 18. Bxe5 dxe4 19. Qxd8 Raxd8 20. Bd4 Bg5+ 21. Kb1 Bf6 22. c3 Bxd4 23. cxd4 {½-½ (67) Macko,M (2293)-Chlpik,M (2208) Slovakia 2019}) 16... Bf6 (16... Nf6 $11) 17. Qd2 Rc8 18. g4 Bh4 19. Kb1 Nc5 {White should prevent ...Ne4.} 20. Qg2 h6 21. Be2 Ncd7 22. Rd4 ({Better is} 22. Rhg1 $16) 22... Nc6 23. Rd2 Nf6 {With the idea ...Ne4.} 24. Bf3 Ne5 25. Rhd1 Nc4 26. Rd3 Qa5 {Black wants to play ...Nxb2.} 27. a3 Nxd5 28. Bxd5 (28. Rxd5 $2 Qb6 $19) 28... Nxb2 29. Kxb2 $18 Bf6+ 30. Ka2 Re1 $2 {[%mdl 8192] This move loses the game for Black.} (30... Qa4 $16 {is tougher.} 31. Bxf7+ (31. c4 Rxc4 32. Bxf7+ Kxf7 $16) 31... Kxf7 32. Qd5+ {[%mdl 64] Double Attack} (32. Qxb7+ Kg8 $11) 32... Kf8 33. Bxd6+ Be7) 31. Qd2 Rxd1 32. Qxd1 (32. Qxa5 $2 {loses.} Rxc2+ 33. Kb3 Rb2+ 34. Ka4 b5+ 35. Qxb5 axb5+ $19) 32... Rc3 {[#] ( -> ...Qxa3+)} 33. Bb3 Rxd3 34. cxd3 ({Weaker is} 34. Qxd3 Qe1 $18) 34... Qc3 {[%csl Gf6][%cal Rc3b2]} 35. Qb1 a5 36. Bc1 a4 (36... b5 {was necessary.} 37. Bb2 Qc6) 37. Bxa4 Qd4 38. Bb3 {Weighted Error Value: White=0.25/Black=0.46} 1-0

[Event "RUS-ch Boys U21 2021"]
[Site "Loo"]
[Date "2021.04.28"]
[Round "8.4"]
[White "Lobanov, Sergei"]
[Black "Makarian, Rudik"]
[Result "1-0"]
[WhiteElo "2520"]
[BlackElo "2468"]
[Annotator "TA"]
[PlyCount "66"]
[EventDate "2021.04.21"]
[EventType "swiss"]
[EventCountry "RUS"]
[SourceTitle "playchess.com"]
[Source "ChessBase"]
[SourceQuality "1"]

{[%evp 12,66,18,7,27,24,27,16,21,12,7,0,14,8,33,8,44,22,20,19,20,14,22,0,16,24,91,93,108,108,109,109,102,83,102,91,102,100,111,102,102,79,83,83,83,78,96,92,118,117,118,110,243,195,949,955,231]} 1. e4 e5 2. Nf3 Nc6 3. Bb5 Nf6 4. d3 Bc5 5. c3 O-O 6. O-O d6 7. Nbd2 Bd7 {C65: Ruy Lopez: Berlin Defence (3...Nf6), unusual lines and 4 0-0 Bc5.} 8. b4 Bb6 9. Nc4 a6 {[#] The position is equal.} 10. Nxb6 $146 ({Predecessor:} 10. Ba4 h6 11. Nxb6 cxb6 12. h3 Re8 13. Re1 d5 14. b5 Na5 15. exd5 axb5 16. Bb3 {0-1 (53) Packroff,H (1935)-Wuttke,J (2031) GER email 2011}) 10... cxb6 11. Ba4 Ne7 12. Bb3 Ng6 13. Re1 Bc6 14. c4 b5 15. cxb5 axb5 16. Bb2 Re8 17. Ng5 d5 18. d4 Nxe4 {[#]} (18... exd4 $11 {keeps the balance.} 19. Qxd4 h6) 19. Nxf7 $1 $16 Qh4 {[#]} (19... Kxf7 20. Rxe4) 20. Rxe4 $1 {[%mdl 576] Remove Defender, Decoy} Qxe4 21. Nd6 {[%mdl 64] Double Attack} Qf4 {aiming for ...Rf8.} 22. Nxe8 Rxe8 23. dxe5 Nxe5 24. Bxd5+ Kf8 {White must now prevent ...Rd8.} 25. Bxc6 bxc6 26. g3 (26. a4 {keeps more tension.} bxa4 27. h3 Qe4 28. Bd4 Nd3 29. Be3) 26... Qxb4 27. Bxe5 Rxe5 {[%mdl 4096] Endgame KQR-KQR} 28. Qf3+ {[%mdl 64] Double Attack} Ke7 29. Qxc6 Re1+ 30. Rxe1+ Qxe1+ 31. Kg2 b4 (31... Qe5 $16 {keeps fighting.} 32. Kf3 Kf7) 32. Qc7+ Kf8 $2 (32... Ke8 33. Qxg7 Qe4+ 34. Kh3 Qf5+ 35. Qg4 Qxf2 36. Qg8+ (36. Qxb4 Qf1+ 37. Kh4 Qf6+ 38. Kg4 Qe6+ 39. Kf3 Qf7+ 40. Qf4 Qxa2 $18) 36... Kd7 37. Qxh7+ Kc6) 33. Qf4+ $18 Ke7 {Weighted Error Value: White=0.09/Black=0.26} 1-0

[Event "RUS-ch Boys U21 2021"]
[Site "Loo"]
[Date "2021.04.28"]
[Round "8.5"]
[White "Makovich, Andrey"]
[Black "Nesterov, Arseniy"]
[Result "0-1"]
[WhiteElo "2171"]
[BlackElo "2482"]
[Annotator "TA"]
[PlyCount "98"]
[EventDate "2021.04.21"]
[EventType "swiss"]
[EventCountry "RUS"]
[SourceTitle "playchess.com"]
[Source "ChessBase"]
[SourceQuality "1"]

{[%evp 9,98,-14,-2,-9,-16,-18,0,0,0,0,0,-2,0,0,-8,-57,-37,-64,-69,-81,-35,-36,-20,-27,-34,-66,-54,-66,0,0,0,0,22,-29,-27,-38,-34,-44,-56,-63,-46,-68,-23,-74,-38,-31,-20,-192,-192,-193,-193,-193,-193,-185,-185,-217,-134,-234,-240,-221,-193,-278,-278,-402,-396,-500,-497,-620,-607,-619,-561,-505,-390,-595,-560,-666,-649,-954,-866,-1194,-1160,-1101,-1062,-1201,-1152,-1549,-1443,-2439,-2295,-1506,-1402]} 1. d4 d5 2. Nf3 Nf6 3. c4 e6 4. Nbd2 c5 5. e3 Nc6 6. Be2 {D30: Queen's Gambit Declined: Systems without Nc3.} cxd4 7. exd4 g6 8. b3 {The position is equal.} Bg7 9. Bb2 O-O {[#]} 10. Ne5 $146 ({Predecessor:} 10. Rc1 Ne7 11. O-O b6 12. c5 Ne4 13. c6 Qd6 14. Nxe4 dxe4 15. Nd2 f5 16. Qc2 {1-0 (39) Salgado Lopez,I (2456)-Martin Fuentes,A (2071) Linares 2007}) 10... Nxe5 11. dxe5 Nd7 12. Nf3 dxc4 13. Bxc4 b5 14. Be2 Bb7 15. O-O a6 {[%cal Ba7a6,Ba6a5][%mdl 32]} 16. a4 b4 17. Qd6 a5 18. Bd4 Re8 (18... Bh6 $15) 19. Rac1 $11 {aiming for Rc7.} Bf8 20. Qc7 Bd5 21. Qxd8 (21. Bb5 $142 Bxf3 22. Qxd8 (22. gxf3 Qg5+ 23. Kh1 Rec8 $11) 22... Rexd8 23. gxf3) 21... Rexd8 22. Nd2 Rac8 23. Rxc8 Rxc8 24. Bc4 Bc5 25. Bb2 Bb7 26. Rd1 (26. Bb5 $11 {remains equal.}) 26... Nb6 27. Be2 Rd8 28. Nc4 $2 {White does not recover from this.} (28. Kf1 $11 {and White is okay.}) 28... Rxd1+ $19 {[%mdl 64] [#] Overworked Piece} 29. Bxd1 Nxc4 30. bxc4 {[%mdl 4096] Endgame KBB-KBB} Be4 31. Bb3 Bd3 32. g4 Be2 33. h3 {[#]} (33. g5 $17 {keeps fighting.}) 33... Kf8 $1 34. Kg2 Ke7 35. Kg3 (35. Bc1 {was called for.}) 35... Kd7 36. Kf4 (36. Bc1 $142) 36... Bxf2 37. Kg5 h5 38. gxh5 gxh5 39. Kf6 Ke8 40. Bc1 Bd4 41. h4 (41. Bd2 $142) 41... Bc5 {Black is clearly winning.} 42. Kg7 Be7 43. Be3 {If White can now play Bf2 this consolidates a bit.} Bxh4 44. c5 Bd8 45. Bc2 Bf3 46. Bh7 h4 47. Bg1 Bg5 48. Bg8 Be4 49. Bxf7+ Kd7 {Weighted Error Value: White=0.74/Black=0.14} 0-1

[Event "RUS-ch Boys U21 2021"]
[Site "Loo"]
[Date "2021.04.28"]
[Round "8.6"]
[White "Vetokhin, Savva"]
[Black "Stukan, Martin"]
[Result "1-0"]
[WhiteElo "2261"]
[BlackElo "2390"]
[Annotator "TA"]
[PlyCount "89"]
[EventDate "2021.04.21"]
[EventType "swiss"]
[EventCountry "RUS"]
[SourceTitle "playchess.com"]
[Source "ChessBase"]
[SourceQuality "1"]

{[%evp 12,89,17,0,0,-36,19,-24,-13,0,0,-32,-24,-30,-17,-12,-13,-40,12,-4,-14,-3,15,4,0,-4,-2,-17,-19,-21,-18,-21,0,0,0,0,22,14,111,117,127,136,115,88,89,90,77,87,106,51,45,51,45,53,252,253,253,252,252,252,251,239,230,183,218,211,265,254,467,466,463,459,410,380,372,364,346,345,29978,29978]} 1. Nf3 Nf6 2. g3 g6 3. Bg2 Bg7 4. O-O O-O 5. d4 c5 6. c3 Na6 7. Nbd2 d5 {A49: 1 d4 Nf6 2 Nf3 g6 3 g3: Anti-King's Indian systems.} 8. Re1 Bf5 (8... cxd4 $15 9. cxd4 Be6) 9. Nh4 Be6 {[#] Black has an edge.} 10. Nb3 $146 ({Predecessor:} 10. Nhf3 Ne4 11. Nxe4 dxe4 12. Ng5 Bf5 13. d5 Nc7 14. Nxe4 b6 15. d6 exd6 16. Nxd6 {1-0 (28) Gonzalez Perez,L (2205)-Pina Sierra,J Empuriabrava 1997}) 10... cxd4 11. Nxd4 Bc8 12. Nb3 Qc7 13. Bg5 ({Don't play} 13. Bxd5 Rd8 $17) 13... Rd8 14. Qc1 Bg4 (14... b6 $15) 15. h3 {Bxf6 is the strong threat.} Bd7 16. Qe3 e6 (16... e5 {is interesting.} 17. Bxf6 Bxf6 18. Bxd5 Bxh3 19. Qf3 Rd6) 17. Nf3 Rdc8 18. Bf4 Qb6 19. Qxb6 axb6 20. Ne5 Bb5 21. g4 h5 22. g5 Ne4 23. h4 Nac5 24. Nd4 Bxe5 (24... Be8 $11) 25. Bxe5 $16 Be8 26. f3 Nd7 {[%cal Bc5d7,Bd7e5,Be5d3][%mdl 32]} 27. fxe4 (27. Bh2 {with more complications.} Nec5 28. Nb5 Nf8 29. Nd6 Rd8 30. Bf1) 27... Nxe5 28. exd5 exd5 29. Bxd5 Bc6 30. e4 (30. Bb3 $16) 30... Nd3 31. Re2 Bxd5 $1 32. exd5 Rc5 $2 {[#] This costs Black the game.} ({Black should play} 32... Nf4 $14) 33. Rd1 $1 $18 {[%cal Rd1d3]} Nf4 {[#]} 34. Re4 {[%cal Re4f4]} Nxd5 35. Nb3 Nxc3 36. bxc3 Rxc3 37. Rd2 Rac8 38. Kg2 Kg7 39. Rf2 Rd3 $2 (39... Rc2 40. Nd4 R2c4) 40. Re7 {[%mdl 64] Double Attack} Rf8 41. Rxb7 Rd6 42. Nd2 Rd4 43. Nf3 Rg4+ 44. Kf1 {Black must now prevent Ne5!} Re8 {[#]} (44... Re4 $18 45. Rxb6 Rc8) 45. Ne5 $1 {[%mdl 512] Weighted Error Value: White=0.10/Black=0.50} 1-0

[Event "RUS-ch Boys U21 2021"]
[Site "Loo"]
[Date "2021.04.28"]
[Round "8.7"]
[White "Marchuk, Rostislav"]
[Black "Pogosyan, Stefan"]
[Result "1-0"]
[WhiteElo "2080"]
[BlackElo "2444"]
[Annotator "TA"]
[PlyCount "79"]
[EventDate "2021.04.21"]
[EventType "swiss"]
[EventCountry "RUS"]
[SourceTitle "playchess.com"]
[Source "ChessBase"]
[SourceQuality "1"]

{[%evp 14,79,36,6,50,18,45,45,73,46,77,-7,-16,-14,-19,-14,-26,-22,-22,-26,-27,0,-10,-41,-49,-155,105,98,105,106,98,92,81,52,38,39,39,51,239,237,236,146,117,128,636,652,642,604,551,401,390,380,362,368,372,252,272,252,502,502,500,500,480,464,655,654,29983,29984]} 1. d4 f5 2. Nf3 Nf6 3. g3 g6 4. Bg2 Bg7 5. O-O O-O 6. c4 d6 7. Nc3 Qe8 {The old main line.} 8. b4 c6 {A87: Dutch Defence: Leningrad System: 5 Nf3.} 9. c5 {[#]} Nbd7 $146 ({Predecessor:} 9... h6 10. Qb3+ Kh8 11. Bb2 Na6 12. cxd6 exd6 13. d5 Nc7 14. Nd4 Bd7 15. a4 g5 16. e3 {½-½ (44) Volkov,S (2568)-Maghsoodloo,P (2685) St Petersburg 2018}) 10. Ng5 dxc5 {White is slightly better.} 11. bxc5 e5 12. d5 (12. Qb3+ $16 Kh8 13. e3) 12... Nxc5 $11 13. Ba3 b6 14. dxc6 {Threatens to win with Bd5+.} e4 15. Bxc5 bxc5 16. Qd6 h6 17. Nb5 {Nc7 is the strong threat.} Qd8 {Strongly threatening ...Qxd6.} 18. Qxd8 Rxd8 19. Rad1 Rf8 $2 {[#]} (19... Rxd1 $17 {and life is bright.} 20. Rxd1 hxg5 21. Rd8+ Kh7) 20. Nc7 $1 $36 {[%mdl 2048] Hoping for Nxe4. White is in control.} Rb8 21. Nge6 Bxe6 22. Nxe6 Rfe8 23. Nxg7 Kxg7 24. f3 Rbc8 {[#]} 25. Rd7+ $1 Kg8 $2 ({Wrong is} 25... Nxd7 $2 26. cxd7 exf3 27. Rxf3 $18 (27. dxc8=B fxg2 28. Kxg2 Rxc8 $17)) ({Better is} 25... Kf8 $1 $14) (25... Kf8 26. fxe4) 26. fxe4 $18 Nxe4 27. Bxe4 Rxe4 {[%mdl 4096] Endgame KRR-KRR} 28. Rb1 {Black must now prevent c7.} Kf8 $2 {[%mdl 8192]} (28... Rd4 $16) 29. c7 Ree8 30. Kf2 c4 31. Rb4 c3 32. Rc4 Re7 33. Rd8+ {[%mdl 64] Double Attack} Re8 34. Rd6 Kf7 35. Rxc3 Re6 $2 (35... Re7 36. Rdc6 a5) 36. Rd8 Re8 37. Rxc8 Rxc8 38. Rc6 g5 (38... h5 $142 39. Kf3 Ke8) 39. Rxh6 Rxc7 40. Rh7+ {Weighted Error Value: White=0.22/Black=0.87} 1-0

[Event "RUS-ch Boys U21 2021"]
[Site "Loo"]
[Date "2021.04.28"]
[Round "8.8"]
[White "Zhafyarov, Adel"]
[Black "Obgolts, Erik"]
[Result "1/2-1/2"]
[WhiteElo "2252"]
[BlackElo "2414"]
[Annotator "RC"]
[PlyCount "91"]
[EventDate "2021.04.21"]
[EventType "swiss"]
[EventCountry "RUS"]
[SourceTitle "playchess.com"]
[Source "ChessBase"]
[SourceQuality "1"]
[TimeControl "40/5400+30:1800+30"]

1. d4 {[%emt 0:00:00]} Nf6 {[%emt 0:00:00]} 2. Bf4 {[%emt 0:00:00]} d5 {[%emt 0:00:00]} 3. e3 {[%emt 0:00:00]} c5 {[%emt 0:00:00]} 4. c3 {[%emt 0:00:00]} Nc6 {[%emt 0:00:00]} 5. Nd2 {[%emt 0:00:00]} Bf5 {[%emt 0:00:47]} 6. Qb3 {[%emt 0:00:00]} Qd7 {[%emt 0:00:29]} 7. Ngf3 {[%emt 0:00:00]} c4 {[%emt 0:00:03]} 8. Qd1 {[%emt 0:00:04]} e6 {[%emt 0:01:10]} 9. Ne5 {[%emt 0:00:06]} Nxe5 {[%emt 0:01:56]} 10. Bxe5 {[%emt 0:00:02]} Ne4 {[%emt 0:14:34]} 11. Nxe4 {[%emt 0:26:08]} Bxe4 {[%emt 0:00:05]} 12. f3 {[%emt 0:07:14]} Bg6 {[%emt 0:00:23]} 13. a4 {[%emt 0:00:05]} f6 {[%emt 0:01:39]} 14. Bg3 {[%emt 0:00:09]} a6 {[%emt 0:20:09]} 15. b3 {[%emt 0:00:47]} cxb3 {[%emt 0:02:48]} 16. Qxb3 {[%emt 0:00:13]} Bd6 {[%emt 0:00:59]} 17. c4 {[%emt 0:13:02]} O-O {[%emt 0:04:10]} 18. c5 {[%emt 0:00:19]} Bxg3+ {[%emt 0:04:41]} 19. hxg3 {[%emt 0:00:01]} Qc7 {[%emt 0:10:55]} 20. Kf2 {[%emt 0:02:40]} Be8 {[%emt 0:01:38]} 21. Bd3 {[%emt 0:04:35]} g6 {[%emt 0:00:08]} 22. Rhb1 {[%emt 0:12:57]} Bc6 {[%emt 0:00:58]} 23. Qb6 {[%emt 0:00:16]} Qd7 {[%emt 0:05:19]} 24. Ra2 {[%emt 0:13:35]} Rf7 {[%emt 0:00:29]} 25. Rab2 {[%emt 0:00:31]} Re8 {[%emt 0:00:54]} 26. Bb5 {[%emt 0:02:01]} axb5 {[%emt 0:00:34]} 27. axb5 {[%emt 0:00:01]} e5 {[%emt 0:00:38]} 28. bxc6 {[%emt 0:00:37]} bxc6 {[%emt 0:00:04]} 29. Qa6 {[%emt 0:07:07]} Qe6 {[%emt 0:00:50]} 30. Rb8 {[%emt 0:03:22]} Rfe7 {[%emt 0:00:49]} 31. Rxe8+ {[%emt 0:02:30]} Rxe8 {[%emt 0:00:04]} 32. Qa4 {[%emt 0:00:12]} Re7 {[%emt 0:12:11]} 33. g4 {[%emt 0:01:44]} Kg7 {[%emt 0:01:12]} 34. Rb6 {[%emt 0:00:06]} exd4 {[%emt 0:00:32]} 35. Qxd4 {[%emt 0:00:02]} h6 {[%emt 0:00:41]} 36. Rb8 {[%emt 0:00:22]} Qe5 {[%emt 0:02:28]} 37. Qxe5 {[%emt 0:02:35]} fxe5 {[%emt 0:00:07]} 38. Rc8 {[%emt 0:00:20]} Re6 {[%emt 0:00:05]} 39. Rc7+ {[%emt 0:01:59]} Kf6 {[%emt 0:00:11]} 40. Rh7 {[%emt 0:00:00]} Re7 {[%emt 0:00:00]} 41. Rh8 {[%emt 0:11:15]} Kg7 {[%emt 0:05:10]} 42. Rd8 {[%emt 0:00:33]} Kf6 {[%emt 0:00:28]} 43. g3 {[%emt 0:04:34]} Kf7 {[%emt 0:02:38]} 44. Rc8 {[%emt 0:00:05]} Re6 {[%emt 0:00:17]} 45. Rc7+ {[%emt 0:00:29]} Ke8 {[%emt 0:07:03]} 46. Ke2 {[%emt 0:04:27]} 1/2-1/2

[Event "RUS-ch Boys U21 2021"]
[Site "Loo"]
[Date "2021.04.28"]
[Round "8.9"]
[White "Sidorov, Dmitry I"]
[Black "Makoveev, Ilya"]
[Result "0-1"]
[WhiteElo "2139"]
[BlackElo "2315"]
[Annotator "TA"]
[PlyCount "64"]
[EventDate "2021.04.21"]
[EventType "swiss"]
[EventCountry "RUS"]
[SourceTitle "playchess.com"]
[Source "ChessBase"]
[SourceQuality "1"]

{[%evp 24,64,-12,-8,-17,-4,-26,-35,-7,-99,-94,-106,-35,-59,-56,-66,-58,-33,-43,-24,-14,-14,-18,-25,-18,-17,-14,-23,-21,-54,-12,-265,-273,-448,-443,-590,-595,-742,-734,-804,-791,-795,-781]} 1. c4 c5 2. Nc3 Nc6 3. Nf3 e5 4. g3 g6 5. Bg2 Bg7 6. O-O d6 7. a3 Nge7 8. Rb1 a5 9. d3 O-O 10. Ne1 Be6 11. Nd5 Rb8 12. Bg5 f6 13. Bd2 b5 {A37: Symmetrical English vs ...g6: 4 Bg2 Bg7 5 Nf3.} 14. cxb5 Rxb5 15. Qa4 Nd4 {Black is slightly better.} 16. e3 Nxd5 $17 (16... Bxd5 17. exd4 Qd7 18. Bxd5+ Nxd5 19. dxc5 $11) 17. exd4 Qb6 (17... Qd7 $17 18. dxc5 dxc5) 18. dxc5 dxc5 19. Nc2 Rb8 ({Much worse is} 19... Rxb2 20. Rxb2 Qxb2 21. Qc6 $11) 20. Ne3 Nxe3 21. Bxe3 {[#]} Qd6 $146 ({Predecessor:} 21... f5 22. b4 axb4 23. axb4 Rxb4 24. Rxb4 Qxb4 25. Qc6 Qb6 26. Qxb6 Rxb6 27. Bxc5 Rb8 {½-½ (36) Bergstrom,C (2350)-Renman,N (2400) Gavle 1982}) 22. Rbc1 Bf8 23. Rc3 Qd8 24. Rfc1 Rxb2 25. Bxc5 Bh6 26. Qc6 Bf7 27. Ba7 $2 {[%mdl 8192] White does not recover from this.} (27. Be3 $11 {and White stays safe.} Bxe3 28. fxe3) 27... Bxc1 $19 28. Bxb8 $2 (28. Rxc1 R8b3 29. h4) 28... Bd2 {Black is clearly winning.} ({Inferior is} 28... Qxb8 29. Bd5 $11) (28... Rxb8 29. Rxc1 Rb3 30. Bf1 $15) 29. Bc7 {[#]} Qd4 30. Bd6 {Threatening mate with Qc8+.} Kg7 ({Not} 30... Bxc3 31. Qc8+ Be8 32. Qxe8+ Kg7 33. Qf8#) 31. Rc2 Rb1+ 32. Bf1 Qxd3 {[%csl Gb1][%cal Rd3f1] Weighted Error Value: White=0.62/Black=0.08} 0-1

[Event "RUS-ch Boys U21 2021"]
[Site "Loo"]
[Date "2021.04.28"]
[Round "8.10"]
[White "Babanin, Gleb"]
[Black "Shemyakin, Valeriy"]
[Result "1-0"]
[WhiteElo "2123"]
[BlackElo "2168"]
[Annotator "RC"]
[PlyCount "59"]
[EventDate "2021.04.21"]
[EventType "swiss"]
[EventCountry "RUS"]
[SourceTitle "playchess.com"]
[Source "ChessBase"]
[SourceQuality "1"]
[TimeControl "40/5400+30:1800+30"]

1. d4 {[%emt 0:00:00]} g6 {[%emt 0:06:41]} 2. c4 {[%emt 0:00:00]} Bg7 {[%emt 0:00:02]} 3. Nf3 {[%emt 0:00:06]} d6 {[%emt 0:00:07]} 4. Nc3 {[%emt 0:00:07]} Nc6 {[%emt 0:00:03]} 5. d5 {[%emt 0:02:14]} Nb8 {[%emt 0:00:29]} 6. e4 {[%emt 0:00:21]} e5 {[%emt 0:00:04]} 7. Be2 {[%emt 0:03:15]} f5 {[%emt 0:01:49]} 8. exf5 {[%emt 0:12:28]} gxf5 {[%emt 0:01:29]} 9. Ng5 {[%emt 0:00:26]} Nf6 {[%emt 0:04:15]} 10. Bh5+ {[%emt 0:22:19]} Kf8 {[%emt 0:00:52]} 11. f4 {[%emt 0:00:15]} h6 {[%emt 0:07:40]} 12. Ne6+ {[%emt 0:01:48]} Bxe6 {[%emt 0:00:19]} 13. dxe6 {[%emt 0:00:03]} Nc6 {[%emt 0:04:02]} 14. fxe5 {[%emt 0:03:48]} dxe5 {[%emt 0:00:39]} 15. Nd5 {[%emt 0:01:48]} Nxd5 {[%emt 0:01:49]} 16. cxd5 {[%emt 0:00:08]} Qh4+ {[%emt 0:01:59]} 17. g3 {[%emt 0:03:33]} Qe4+ {[%emt 0:01:12]} 18. Kf2 {[%emt 0:00:05]} Nd4 {[%emt 0:05:16]} 19. Bf3 {[%emt 0:01:35]} Qxf3+ {[%emt 0:11:10]} 20. Qxf3 {[%emt 0:00:03]} Nxf3 {[%emt 0:00:02]} 21. Kxf3 {[%emt 0:00:04]} Ke8 {[%emt 0:00:23]} 22. Be3 {[%emt 0:00:34]} Bf8 {[%emt 0:00:47]} 23. g4 {[%emt 0:04:22]} f4 {[%emt 0:04:42]} 24. Bf2 {[%emt 0:00:30]} Bd6 {[%emt 0:01:15]} 25. Ke4 {[%emt 0:00:36]} c6 {[%emt 0:07:30]} 26. Rhd1 {[%emt 0:02:38]} c5 {[%emt 0:06:42]} 27. Rac1 {[%emt 0:00:46]} Rc8 {[%emt 0:00:23]} 28. b4 {[%emt 0:02:04]} c4 {[%emt 0:00:33]} 29. Bc5 {[%emt 0:00:09]} Bxc5 {[%emt 0:02:16]} 30. Rxc4 {[%emt 0:00:05]} 1-0